LEADER 00957nam a2200229 u 4500 001 000000018588 003 CaOOAMICUS 005 20070226110707.0 008 950114q1919 it u000 u ita u 035 $a10439773 040 $aPUL(R)$bita 100 1 $aLevi, Adolfo,$d1878-1948.$0(OLS)http://pul/name/16509 245 10$aSulle interpretazioni immanentistiche della filosofia di Platone /$cAdolfo Levi. 260 $aTorino :$bParavia,$c1919?. 300 $avi, 240 p. ;$c25 cm 500 $a"Lavoro premiato dalla R. Accademia dei Lincei". 600 04$aPlato,$d427-347 a.C.$xCritica e interpretazione.$0(OLS)http://pul/subject/157 850 $aPUL 852 $aPUL$W1$xDP2 Filosofia 1$y62$m81 E 36$j26184$nBK-PRI$b $qStampati$B26184$CPULBib$Z2$F26184 $81 941 1 $a8 996 $6245$aSulle interpretazioni immanentistiche della filosofia di Platone$9(OLS)http://pul/title/26453 996 $6260$aTorino :$bParavia$9(OLS)http://pul/publisher/52077 LEADER 01360nam a2200277 u 4500 001 000000065500 003 CaOOAMICUS 005 20070226121455.0 008 011207s1923 it u000 u ita u 035 $a10913253 040 $aPUL(R)$bita 100 1 $aNatucci, Alpinolo.$0(OLS)http://pul/name/44096 245 13$aIl concetto di Numero e le sue estensioni :$bstudi storico-critici intorno ai fondamenti dell'Aritmetica generale con oltre 700 indicazioni bibliografiche /$cAlpinolo Natucci. 260 $aTorino :$bBocca,$c1923. 300 $a474 p. ;$c24 cm 490 1 $aBiblioteca di scienze moderne ;$v83 500 $aIn testa al front.: Jean Piaget - Alina Szeminska. 500 $aTraduzione dal francese di Adriana Valori Piperno. 650 4$aMatematica$xFilosofia.$0(OLS)http://pul/subject/20379 650 4$aMatematica.$0(OLS)http://pul/subject/6747 830 0$aBiblioteca di scienze moderne ;$v83.$0(OLS)http://pul/title/412 850 $aPUL 852 $aPUL$W1$xDP2 Filosofia 1$y62$m93 H 6$j84792$nBK-PRI$b $qStampati$B84792$CPULBib$Z2$F84792 $81 941 1 $a8 996 $6245$aIl concetto di Numero e le sue estensioni :$bstudi storico-critici intorno ai fondamenti dell'Aritmetica generale con oltre 700 indicazioni bibliografiche$9(OLS)http://pul/title/87118 996 $6260$aTorino :$bBocca$9(OLS)http://pul/publisher/48036